Cómo ser el jefe : (Registro nro. 63360)
[ vista simple ]
| 000 -LEADER | |
|---|---|
| fixed length control field | 01225cam a2200313 i 4500 |
| 001 - CONTROL NUMBER | |
| control field | 63360 |
| 003 - CONTROL NUMBER IDENTIFIER | |
| control field | Mx-PuUPA |
| 005 - DATE AND TIME OF LATEST TRANSACTION | |
| control field | 20240410104102.0 |
| 008 - FIXED-LENGTH DATA ELEMENTS--GENERAL INFORMATION | |
| fixed length control field | 150822s2013 mx fr 000 0 spa d |
| 020 ## - INTERNATIONAL STANDARD BOOK NUMBER | |
| International Standard Book Number | 9786074386332 |
| 040 ## - CATALOGING SOURCE | |
| Original cataloging agency | Mx-PuUPA |
| Language of cataloging | spa |
| Transcribing agency | Mx-PuUPA |
| Modifying agency | Mx-PuUPA |
| Description conventions | rda |
| 041 1# - LANGUAGE CODE | |
| Language code of text/sound track or separate title | spa |
| Language code of original | eng |
| 100 1# - MAIN ENTRY--PERSONAL NAME | |
| Personal name | Hill, Linda A. |
| Dates associated with a name | 1956- |
| Fuller form of name | (Linda Annette), |
| 240 10 - UNIFORM TITLE | |
| Uniform title | Being the boss : the 3 imperatives for becoming a great leader. |
| Date of a work | 2011. |
| Language of a work | Español. |
| 245 10 - TITLE STATEMENT | |
| Title | Cómo ser el jefe : |
| Remainder of title | los tres imperativos para convertirse en un gran líder / |
| Statement of responsibility, etc. | Linda A. Hill, Kent Lineback. |
| 250 ## - EDITION STATEMENT | |
| Edition statement | Primera edición |
| 264 31 - PRODUCTION, PUBLICATION, DISTRIBUTION, MANUFACTURE, AND COPYRIGHT NOTICE | |
| Place of production, publication, distribution, manufacture | México D.F : |
| Name of producer, publisher, distributor, manufacturer | Grupo Editorial Patria, |
| Date of production, publication, distribution, manufacture, or copyright notice | 2013 |
| 300 ## - PHYSICAL DESCRIPTION | |
| Extent | xx, 282 páginas : |
| Other physical details | diagramas, |
| Dimensions | 23 cm. |
| 336 ## - CONTENT TYPE | |
| Content type term | texto |
| Fuente | rdacontent |
| Content type code | txt |
| 337 ## - MEDIA TYPE | |
| Media type term | sin medio |
| Source | rdamedia |
| Media type code | n |
| 338 ## - CARRIER TYPE | |
| Carrier type term | volumen |
| Source | rdacarrier |
| Carrier type code | nc |
| 650 14 - SUBJECT ADDED ENTRY--TOPICAL TERM | |
| Topical term or geographic name entry element | Liderazgo |
| 650 14 - SUBJECT ADDED ENTRY--TOPICAL TERM | |
| Topical term or geographic name entry element | Supervisión de empleados |
| 650 14 - SUBJECT ADDED ENTRY--TOPICAL TERM | |
| Topical term or geographic name entry element | Ejecutivos |
| General subdivision | Aptitud creadora |
| 765 18 - ORIGINAL LANGUAGE ENTRY | |
| Main entry heading | Hill, Linda A. |
| Title | Being the boss : the 3 imperatives for becoming a great leader |
| Place, publisher, and date of publication | Boston : Harvard Business Review Press, ©2011. |
| International Standard Book Number | 9781422163894 |
| 942 ## - ADDED ENTRY ELEMENTS (KOHA) | |
| Source of classification or shelving scheme | Dewey Decimal Classification |
| Koha item type | Libro |
| Classification part | 658.4092 |
| Item part | H641 |
| Withdrawn status | Lost status | Source of classification or shelving scheme | Damaged status | Not for loan | Collection code | Home library | Current library | Shelving location | Date acquired | Total Checkouts | Full call number | Barcode | Date last seen | Price effective from | Koha item type |
|---|---|---|---|---|---|---|---|---|---|---|---|---|---|---|---|
| Dewey Decimal Classification | General | Tehuacán | Tehuacán | Sala general | 28/08/2019 | 658.4092 H641 2013 | 968000000121 | 08/01/2025 | 28/08/2019 | Libro |